Fernando II de Aragón y V de Castilla en la reconquista del Reino de Granada (Record no. 71061)

MARC details
000 -LEADER
campo de control de longitud fija 00729nam a2200193 i 4500
001 - NÚMERO DE CONTROL
campo de control 71061
003 - IDENTIFICADOR DE NÚMERO DE CONTROL
campo de control ES-MaACL
005 - FECHA Y HORA DE LA ÚLTIMA TRANSACCIÓN
campo de control 20230906171016.0
007 - CAMPO FIJO DE DESCRIPCIÓN FÍSICA--INFORMACIÓN GENERAL
campo de control de longitud fija t|
008 - DATOS DE LONGITUD FIJA--INFORMACIÓN GENERAL
campo de control de longitud fija 040805s1918 sp |||| |dspa d
100 1# - ENTRADA PRINCIPAL--NOMBRE DE PERSONA
Nombre de persona Gaspar Remiro, Mariano.
9 (RLIN) 55885
245 10 - MENCIÓN DEL TÍTULO
Título Fernando II de Aragón y V de Castilla en la reconquista del Reino de Granada
Resto del título : conferencia inaugural del curso de 1918-19 en el Ateneo de Zaragoza /
Mención de responsabilidad, etc. Mariano Gaspar Remiro.
260 ## - PUBLICACIÓN, DISTRIBUCIÓN, ETC.
Lugar de publicación, distribución, etc. Zaragoza :
Nombre del editor, distribuidor, etc. [Ateneo de Zaragoza,
Fecha de publicación, distribución, etc. 1918]
300 ## - DESCRIPCIÓN FÍSICA
Extensión 39 p. ;
Dimensiones 24 cm.
600 04 - PUNTO DE ACCESO ADICIONAL DE MATERIA--NOMBRE DE PERSONA
Nombre de persona Fernando
Numeración V
Títulos y otros términos asociados al nombre Rey de España.
9 (RLIN) 50204
651 #4 - PUNTO DE ACCESO ADICIONAL DE MATERIA--NOMBRE GEOGRÁFICO
Nombre geográfico Granada (Reino)-
Subdivisión general Historia-
Subdivisión cronológica 1483-1492 (Conquista)
9 (RLIN) 144014
710 2# - ENTRADA AGREGADA--NOMBRE DE ENTIDAD CORPORATIVA
Nombre de entidad corporativa o nombre de jurisdicción como elemento de entrada Ateneo de Zaragoza.
9 (RLIN) 2034
852 ## - LOCALIZACIÓN
Ubicación ES-MaACL
Número de control de estantería 1525-F-23
Holdings
Estatus retirado Estado de pérdida Estado de daño No para préstamo Colección Biblioteca de origen Biblioteca actual Ubicación en estantería Fecha de adquisición Fuente de adquisición Total de préstamos Signatura topográfica completa Código de barras Visto por última vez Precio de reemplazo Tipo de ítem Koha
        Colección de folletos Biblioteca del Ateneo de Madrid Biblioteca del Ateneo de Madrid Depósito folletos 17/01/2008     1525-F-23 1074408 23/02/2023 23/02/2023 Folleto